LEADER 01011nam a2200253 i 4500 001 000000128910 003 CaOOAMICUS 005 20040909000000.0 008 040909s1990 it u000 u ita u 013 $a101643 040 $aSeMil$bita 245 12$aL'epilogo di Fatima. 260 $aEsine (Brescia) :$bToroselle,$cStampa 1990. 300 $a285 p. :$bill. ;$c24 cm. 490 0 $aScritti di autori camuni, sebini e scalvini ;$v1. 500 $aDono del Card. Dionigi Tettamanzi. 650 4$aMadonna - Apparizioni - Bonate Sopra .$0(OLS)http://semarc/subject/4813 830 0$aScritti di autori camuni, sebini e scalvini ;$v1.$0(OLS)http://semarc/title/16056 850 $aSeMil 852 $aSeMil$W1$xVenegono$y1$m2L IV 100$j83075$B83075$CSeMilBibl$Z2$F86520 $81 941 1 $a5 961 $aOmaggio: Tettamanzi Card. Dionigi 996 $6245$aL'epilogo di Fatima$9(OLS)http://semarc/title/190478 996 $6260$aEsine (Brescia) :$bToroselle$9(OLS)http://semarc/publisher/33329 LEADER 00904nam a2200205 i 4500 001 000000199934 003 CaOOAMICUS 005 20110330000000.0 008 110330s1907 it u000 u ita u 013 $a178632 040 $aSeMil$bita 100 1 $aCasoni, Giambattista <1830-1919>.$0(OLS)http://semarc/name/53213 245 10$aCinquant'anni di giornalismo :$b1846-1900 /$cricordi personali dell'avvocato Giambattista Casoni. 260 $aBologna :$bPrem. Stab. Tip. Successori Monti,$c1907. 300 $aV, 321 p. ;$c19 cm. 650 4$aGiornalismo - Diari e memorie.$0(OLS)http://semarc/subject/20393 850 $aSeMil 852 $aSeMil$W1$xVenegono$y1$m3M I 409$j258419$B150468$CSeMilBibl$Z2$F161823 $81 996 $6245$aCinquant'anni di giornalismo :$b1846-1900$9(OLS)http://semarc/title/289064 996 $6260$aBologna :$bPrem. Stab. Tip. Successori Monti$9(OLS)http://semarc/publisher/51399